000 00217nam a2200085Ia 4500
008 240321s9999 xx 000 0 und d
082 _a721.832
_bUPS
245 0 _aUPSTAIRS downstairs
260 _bThe Images Publishing Group
999 _c62265
_d62265